000 00358nam a22001217a 4500
008 230629b xxu||||| |||| 00| 0 eng d
020 _a9211124433
082 _a338.9
_bUN 1998
245 _aNew Approaches to Science and Technology Cooperation and Capacity Building
260 _aNewyork and Geneva
_bUnited Nations
_c1998
300 _a417p
942 _2ddc
_cBK
999 _c3002
_d3002